EL rostro oculto de la mente /
Guardat en:
| Autor principal: | |
|---|---|
| Altres autors: | |
| Format: | Llibre |
| Idioma: | espanyol |
| Publicat: |
Santander, España :
Sal Terrae
1971, c1971
|
| Edició: | 8a edición |
| Matèries: | |
| Etiquetes: |
Sense etiquetes, Sigues el primer a etiquetar aquest registre!
|
MARC
| LEADER | 00000nam^a2200000^a^4500 | ||
|---|---|---|---|
| 001 | 000316390 | ||
| 005 | 20250521000000.0 | ||
| 009 | 20260310113312.11 | ||
| 037 | |a Acervo ITESO - Biblioteca | ||
| 041 | |a ESP | ||
| 082 | |a 133. |b GON | ||
| 100 | |a González Quevedo, Oscar |e (autor) | ||
| 245 | 1 | 3 | |a EL rostro oculto de la mente / |c O. González Quevedo ; tr. de A.M. Sancho. |
| 250 | |a 8a edición | ||
| 264 | 4 | |a Santander, España : |b Sal Terrae |c 1971, c1971 | |
| 300 | |a VI, 430 p. | ||
| 336 | |a texto |b txt |2 rdacontenido | ||
| 337 | |a sin mediación |b n |2 rdamedio | ||
| 338 | |a volumen |b nc |2 rdasoporte | ||
| 649 | |a XX | ||
| 650 | |a Telepatía | ||
| 650 | |a Adivinación | ||
| 650 | |a Parapsicología - |x Tema Principal | ||
| 650 | |a Ciencias Ocultas | ||
| 700 | |a Sancho, Antonio María |e (traducción) | ||
| 910 | |a Fondo General | ||
| 920 | |a Impresos - Libros | ||
| 930 | |a Colección General | ||
| 905 | |a 101 | ||
| 901 | |a 0500203327 |b IT1 |c ACC |u 20250521 | ||
| 902 | |a https://opac.biblio.iteso.mx/vufind/Record/000316390 | ||